000 00242nam a2200097Ia 4500
001 1075792
005 20250827002245.0
008 250824s9999 xx 000 0 und d
245 0 _aKIYAMET MEVSİMLERİ
_cALİ EMRE
260 _bKETEBE YAYINLARI
999 _c1075792
_d1075792